Animals: No Vowels #1 - Statistics

General Stats
  • This quiz has been taken 94 times
  • The average score is 23 of 33
Answer Stats
Hint Answer % Correct
Blckbrd Blackbird
98%
Brwn Br Brown Bear
98%
Chckn Chicken
95%
Clwn Fsh Clown Fish
95%
Bttrfly Butterfly
94%
Cw Cow
92%
Crw Crow
90%
Dg Dog
90%
Dnky Donkey
90%
Dck Duck
90%
Bffl Buffalo
88%
Cml Camel
88%
lbtrss Albatross
84%
nt Ant
84%
Bt Bat
83%
Ct Cat
83%
Crb Crab
83%
B Bee
82%
llgtr Alligator
76%
Cpybr Capybara
75%
Dv Dove
75%
rdvrk Aardvark
69%
Chmln Chameleon
57%
Cgr Cougar
57%
Dr Deer
49%
gl Eagle
42%
Bl tt Blue tit
40%
Bndct Bandicoot
35%
Bvn Bovine
33%
Cck Cuckoo
27%
Crn Crane
25%
grt Egret
25%
Bdgrgr Budgerigar
18%
No matching quizzes found
Score Distribution
Percent of People with Each Score
Percentile by Number Answered
Your Score History
You have not taken this quiz